एक म्यान दो तलवारें / (Record no. 115174)

MARC details
000 -LEADER
fixed length control field 01044nam a22002777a 4500
003 - CONTROL NUMBER IDENTIFIER
control field dpl
005 - DATE AND TIME OF LATEST TRANSACTION
control field 20180830142915.0
008 - FIXED-LENGTH DATA ELEMENTS--GENERAL INFORMATION
fixed length control field 180830b xxu||||| |||| 00| 0 eng d
010 ## - LIBRARY OF CONGRESS CONTROL NUMBER
LC control number B-049599
020 ## - INTERNATIONAL STANDARD BOOK NUMBER
Terms of availability 275.00
035 ## - SYSTEM CONTROL NUMBER
System control number B-049599, B-049603
037 ## - SOURCE OF ACQUISITION
Source of stock number/acquisition Cen Lib/Ret
040 ## - CATALOGING SOURCE
Original cataloging agency DPL
Language of cataloging HN
Transcribing agency 0
082 ## - DEWEY DECIMAL CLASSIFICATION NUMBER
Classification number
Item number नानक
100 ## - MAIN ENTRY--PERSONAL NAME
Personal name नानक सिंह
9 (RLIN) 60254
245 ## - TITLE STATEMENT
Title एक म्यान दो तलवारें /
Statement of responsibility, etc नानक सिंह
246 ## - VARYING FORM OF TITLE
Title proper/short title Ek myan do talwaren /
Remainder of title by Nanak Singh
260 ## - PUBLICATION, DISTRIBUTION, ETC. (IMPRINT)
Place of publication, distribution, etc दिल्ली
Name of publisher, distributor, etc इंद्रप्रस्थ प्रकाशन
270 ## - ADDRESS
Address के-71, कृष्णनगर
City नयी दिल्ली
Postal code 110051
300 ## - PHYSICAL DESCRIPTION
Extent 327पृ.
Dimensions 19सेमी(सजिल्द )
650 ## - SUBJECT ADDED ENTRY--TOPICAL TERM
Topical term or geographic name as entry element हिंदी साहित्य
General subdivision
Geographic subdivision
9 (RLIN) 60255
650 ## - SUBJECT ADDED ENTRY--TOPICAL TERM
Topical term or geographic name as entry element हिंदी उपन्यास
9 (RLIN) 60256
650 ## - SUBJECT ADDED ENTRY--TOPICAL TERM
Topical term or geographic name as entry element Hindi literature
Form subdivision
9 (RLIN) 60257
650 ## - SUBJECT ADDED ENTRY--TOPICAL TERM
Topical term or geographic name as entry element Hindi fiction
9 (RLIN) 27248
942 ## - ADDED ENTRY ELEMENTS (KOHA)
Source of classification or shelving scheme Dewey Decimal Classification
Koha item type Hindi Books
Classification part
Call number suffix नानक
Holdings
Withdrawn status Lost status Damaged status Not for loan Home library Current library Date acquired Source of acquisition Cost, normal purchase price Total Checkouts Full call number Barcode Date last seen Date checked out Copy number Cost, replacement price Price effective from Koha item type Source of classification or shelving scheme Collection code Shelving location
        Central Library Central Library 19/08/2015 Cen Lib/Ref 275.00 1 उ नानक B-049599 28/02/2018 15/02/2018 1 275.00 19/08/2015 Hindi Books      
        Central Library Central Library 25/08/2015 Cen Lib/Ret 275.00 3 उ नानक B-119776 05/04/2025 08/03/2025 1 275.00 25/08/2015 Hindi Books      
        Patel Nagar Patel Nagar 28/11/2018 BPPD/PUB 275.00 2 उ नानक B-119777 09/02/2026 04/02/2026   275.00 28/11/2018 Hindi Books Dewey Decimal Classification Fiction General Stacks
        Shahdara Branch Shahdara Branch 30/08/2018 BPPD/PUB 275.00 2 उ नानक B-049603 27/07/2019 15/07/2019   275.00 30/08/2018 Hindi Books Dewey Decimal Classification Fiction  
        Shahdara Branch Shahdara Branch 10/12/2018 BPPD/PUB 275.00   उ नानक B-119780 10/12/2018     275.00 10/12/2018 Hindi Books Dewey Decimal Classification Fiction  

© Delhi Public Library
Hit Counter
free hit counter